[Event "Challenge"]
[Site "http://www.queenalice.com/game.php?id=427732"]
[Date "2008.7.4"]
[Round "-"]
[White "musico"]
[Black "pisco1"]
[Result "1-0"]
[WhiteElo "1500"]
[BlackElo "1500"]

1. d4 Nf6 2. Nf3 d6 3. d5 b6 4. Nc3 Bb7 5. e4 Nbd7 6. Bg5 h6 7. Bxf6 Nxf6 8.
Bb5+ Nd7 9. Nd4 a6 10. Nc6 Qc8 11. Be2 Nc5 12. b4 Nd7 13. b5 axb5 14. Bxb5 e6
15. O-O e5 16. f4 Ba6 17. Qf3 Bxb5 18. Nxb5 g6 19. fxe5 Rh7 20. exd6 Bxd6 21. e5
Nxe5 22. Rae1 Kf8 23. Nxe5 Bxe5 24. Rxe5 Rxa2 25. Nd4 Qd7 26. Qe4 Rg7 27. c4 Kg8
28. Re8+ Kh7 29. h4 h5 30. Re5 Kh8 31. Nf3 Ra3 32. Ng5 Rg3 33. Re8+ Rg8 34.
Nxf7+ Kg7 35. Qe5+ Kh7 36. Ng5+ Rxg5 37. Re7+ Qxe7 38. Qxe7+ Rg7 39. Qxg5 1-0

[Event "Challenge"]
[Site "http://www.queenalice.com/game.php?id=427786"]
[Date "2008.7.5"]
[Round "-"]
[White "musico"]
[Black "Matrim"]
[Result "1-0"]
[WhiteElo "1746"]
[BlackElo "1812"]

1. Nc3 d5 2. d4 c6 3. e3 e6 4. Bd2 b5 5. Nf3 a5 6. Ne5 h5 7. Qf3 Nf6 8. Bd3 Bd6
9. e4 Bxe5 10. dxe5 Ng4 11. Bf4 g5 12. Bg3 b4 13. Ne2 Na6 14. Nd4 Bd7 15. exd5
cxd5 16. h4 gxh4 17. Bxh4 Qb6 18. Qf4 Nc5 19. Bf6 Nxd3+ 20. cxd3 Nxf6 21. exf6
Qb8 22. Qg5 Bb5 23. Rxh5 Rxh5 24. Qxh5 Bxd3 25. a4 Qc8 26. Nf3 Bg6 27. Qh8+ Kd7
28. Qg7 Kd6 29. Qh6 Qd8 30. Qf4+ Kd7 31. Ne5+ Ke8 32. Qg5 Bh7 33. Qg7 Qd6 34.
Qh8+ Qf8 35. Qxh7 Rc8 36. Qg7 Rc7 37. Qxf8+ Kxf8 38. g4 d4 39. g5 Ke8 40. Kd2 b3
41. Rc1 Rxc1 42. Kxc1 Kd8 43. Nxf7+ Kd7 44. g6 Ke8 45. Nh6 e5 46. g7 1-0

[Event "toco"]
[Site "http://www.queenalice.com/game.php?id=430633"]
[Date "2008.7.10"]
[Round "-"]
[White "musico"]
[Black "ajr"]
[Result "1-0"]
[WhiteElo "1727"]
[BlackElo "1715"]

1. d4 d5 2. e3 Nf6 3. Be2 e6 4. Bd2 a6 5. Nc3 Bb4 6. Nf3 O-O 7. Bd3 h6 8. a3
Bxc3 9. Bxc3 Nc6 10. Ne5 Nxe5 11. dxe5 Nd7 12. h4 Nc5 13. Bb4 Qe7 14. Bxc5 1-0

[Event "orange"]
[Site "http://www.queenalice.com/game.php?id=430636"]
[Date "2008.7.10"]
[Round "-"]
[White "musico"]
[Black "timsdad"]
[Result "1-0"]
[WhiteElo "1740"]
[BlackElo "1473"]

1. d4 d5 2. Nf3 Nc6 3. c3 e6 4. e3 Qf6 5. a3 Bd6 6. Bd2 Na5 7. Qc2 e5 8. c4 Bf5
9. Qa4+ Nc6 10. cxd5 Bd7 11. dxc6 Bxc6 12. Bb5 Ne7 13. d5 a6 14. dxc6 bxc6 15.
Bxc6+ Nxc6 16. Qxc6+ Ke7 17. e4 Rhb8 18. Bg5 Rb6 19. Qxa8 Qxg5 20. Nxg5 Rxb2 21.
O-O h6 22. Nh7 Bc5 23. Qf8+ Ke6 24. Qxc5 Rb5 25. Nf8+ Kf6 26. Qxc7 g6 27. Qd6+
Kg5 28. Qxa6 Rb3 29. Nh7+ Kg4 30. h3+ Kh4 31. Qf6+ Kh5 32. g4# 1-0

[Event "TI"]
[Site "http://www.queenalice.com/game.php?id=430637"]
[Date "2008.7.10"]
[Round "-"]
[White "musico"]
[Black "adrielfilho"]
[Result "0-1"]
[WhiteElo "1799"]
[BlackElo "2015"]

1. d4 d5 2. e3 Nf6 3. Bd2 Nc6 4. Nf3 Bf5 5. Nc3 Nb4 6. Ne5 Nxc2+ 7. Ke2 Nxa1 8.
Qxa1 e6 9. Ke1 Bb4 10. Bd3 O-O 11. Qb1 Bxd3 12. Qxd3 c6 13. e4 Nxe4 14. Nxe4
dxe4 15. Qxe4 Qa5 16. Bxb4 Qxb4+ 17. Kf1 Qxb2 18. g3 Rad8 19. Kg2 Rxd4 20. Qb1
Qc3 21. Nf3 Rd3 22. Ng5 Qc4 23. Rd1 Qd5+ 24. f3 Rd2+ 25. Kh3 Qxg5 26. Rxd2 Qh6+
27. Kg2 Qxd2+ 28. Kh3 b5 29. Qe4 Qxa2 30. Qxc6 Qc4 31. Qa6 Qf1+ 32. Kg4 Rd8 33.
Qxa7 h5+ 34. Kf4 Qc4+ 35. Ke3 Rd3+ 36. Kf2 Rd2+ 37. Ke3 Re2# 0-1

[Event "kore-wa"]
[Site "http://www.queenalice.com/game.php?id=430640"]
[Date "2008.7.10"]
[Round "-"]
[White "musico"]
[Black "dreaming_of_a_vacation"]
[Result "1-0"]
[WhiteElo "1763"]
[BlackElo "1300"]

1. d4 d5 2. e3 Nf6 3. Nc3 e6 4. Nf3 c5 5. Qe2 Qa5 6. Bd2 a6 7. Nxd5 Qb5 8. Nc7+
Kd8 9. Nxb5 axb5 10. Qxb5 Bd7 11. Qb6+ Kc8 12. Ba5 Bd6 13. dxc5 Nc6 14. cxd6 Kb8
15. Qc7+ Ka7 16. Bb6# 1-0

[Event "uiiii"]
[Site "http://www.queenalice.com/game.php?id=431633"]
[Date "2008.7.11"]
[Round "-"]
[White "musico"]
[Black "elche"]
[Result "1-0"]
[WhiteElo "1842"]
[BlackElo "1772"]

1. d4 d5 2. e3 Nc6 3. Bd2 e5 4. dxe5 Nxe5 5. Nf3 Bd6 6. Bc3 Nxf3+ 7. Qxf3 f6 8.
Qxd5 Ne7 9. Qd1 O-O 10. Bd2 Nc6 11. Bd3 Bb4 12. c3 Ba5 13. Qc2 Ne5 14. Bxh7+ Kf7
15. c4 Bxd2+ 16. Nxd2 Be6 17. O-O-O g6 18. Ne4 Qe7 19. f4 Nxc4 20. Ng5+ Ke8 21.
Bxg6+ Bf7 22. Bxf7+ Rxf7 23. Nxf7 Qxf7 24. Rde1 Rc8 25. b3 Nd6 26. h4 f5 27. h5
Ne4 28. h6 Qh7 29. Qb2 1-0

[Event "kata"]
[Site "http://www.queenalice.com/game.php?id=431634"]
[Date "2008.7.11"]
[Round "-"]
[White "musico"]
[Black "thom"]
[Result "1-0"]
[WhiteElo "1724"]
[BlackElo "1695"]

1. d4 e6 2. e4 d5 3. e5 Ne7 4. Qf3 Nf5 5. c3 b6 6. Nh3 Bb7 7. Bd3 Ne7 8. Ng5 Nf5
9. Bxf5 exf5 10. Qxf5 Qe7 11. O-O Nd7 12. Re1 f6 13. Nxh7 fxe5 14. dxe5 O-O-O
15. Bg5 1-0

[Event "Challenge"]
[Site "http://www.queenalice.com/game.php?id=433369"]
[Date "2008.7.15"]
[Round "-"]
[White "musico"]
[Black "Krajnicov"]
[Result "1-0"]
[WhiteElo "1748"]
[BlackElo "1395"]

1. Nc3 e5 2. e4 Bc5 3. Qe2 Qf6 4. f3 Bb6 5. Nd5 Qd6 6. Qc4 c6 7. Nxb6 axb6 8. b4
b5 9. Qc5 Qc7 10. Bb2 d6 11. Qf2 Ra4 12. a3 Be6 13. f4 Nf6 14. f5 Nxe4 15. Qf3
Bd5 16. Qe3 Qd7 17. g4 f6 18. Bg2 Ng5 19. Bxd5 cxd5 20. Nf3 Ne4 21. d4 Nc6 22.
dxe5 fxe5 23. O-O h5 24. h3 hxg4 25. hxg4 g6 26. Ng5 Qg7 27. Ne6 Qh6 28. Qxh6
Rxh6 29. Nc7+ Kd7 30. Nxd5 Ra8 31. Nb6+ Ke7 32. Nxa8 Rh4 33. g5 Nd2 34. f6+ Kf7
35. Rfd1 Nf3+ 36. Kf2 e4 37. Rxd6 Rh2+ 38. Kg3 Rxc2 39. Nc7 Rxb2 40. Rd7+ Kg8
41. f7+ Kf8 42. Ne6# 1-0

[Event "Challenge"]
[Site "http://www.queenalice.com/game.php?id=433370"]
[Date "2008.7.15"]
[Round "-"]
[White "musico"]
[Black "Mikejr"]
[Result "1-0"]
[WhiteElo "1712"]
[BlackElo "1632"]

1. d4 e6 2. e4 Bb4+ 3. Bd2 a5 4. Bxb4 axb4 5. e5 d5 6. Nh3 Ne7 7. Qf3 O-O 8. Bd3
Nec6 9. c3 Nxe5 10. dxe5 Nc6 11. Bxh7+ Kxh7 12. Qh5+ Kg8 13. Ng5 Qxg5 14. Qxg5
f6 15. exf6 Rxf6 16. Nd2 Bd7 17. O-O Rf5 18. Qh4 Raf8 19. Nf3 R5f6 20. g4 Rh6
21. Qg3 e5 22. Nxe5 Be6 23. Nxc6 bxc6 24. Qxc7 Bxg4 25. cxb4 Rg6 26. Qg3 Bh5 27.
a4 d4 28. a5 Be2 29. Rfe1 Bh5 30. a6 Ra8 31. a7 Kh7 32. Kg2 Rf6 33. Qd3+ Rg6+
34. Kf1 Kh6 35. Qxd4 Rf6 36. Qe5 1-0

[Event "Challenge"]
[Site "http://www.queenalice.com/game.php?id=433371"]
[Date "2008.7.15"]
[Round "-"]
[White "musico"]
[Black "Sabaak_No_Gaara"]
[Result "0-1"]
[WhiteElo "1897"]
[BlackElo "1965"]

1. Nf3 c5 2. e3 Nf6 3. Nc3 Nc6 4. d4 cxd4 5. Nxd4 e5 6. Nxc6 bxc6 7. e4 Bb4 8.
Bd2 Bxc3 9. Bxc3 Nxe4 10. Bxe5 Qe7 11. Qd4 d5 12. Bxg7 Rg8 13. Bf6 Nxf6+ 14. Be2
Ba6 15. Qd1 Rxg2 16. Kf1 Bxe2+ 17. Qxe2 Qxe2+ 18. Kxe2 Kd7 19. Rag1 Rxg1 20.
Rxg1 Rb8 21. b3 Rb4 22. f3 Kd6 23. c3 Rh4 24. Rg2 Nh5 25. a4 Nf4+ 26. Kf2 Nxg2
27. Kxg2 d4 28. cxd4 Rxd4 29. Kg3 Rb4 30. h3 Ke5 31. f4+ Kf5 0-1

[Event "bb"]
[Site "http://www.queenalice.com/game.php?id=445106"]
[Date "2008.8.7"]
[Round "-"]
[White "musico"]
[Black "Octal"]
[Result "0-1"]
[WhiteElo "1719"]
[BlackElo "1612"]

1. e4 c5 2. Bc4 e6 3. e5 Nc6 4. Nf3 Qc7 5. Qe2 a6 6. d3 b5 7. Bb3 g6 8. a4 Bb7
9. Ng5 Qxe5 10. axb5 Qxe2+ 11. Kxe2 Nd4+ 12. Kf1 Nxb3 13. Ra4 Nxc1 14. bxa6 Rxa6
15. Rxa6 Bxa6 16. Ne4 Nxd3 17. cxd3 Bxd3+ 18. Ke1 Bxe4 19. Nd2 Bxg2 20. Rg1 Bd5
21. f3 Bg7 22. b3 Ne7 23. Ke2 d6 24. Rb1 O-O 25. b4 Rb8 26. b5 Nc8 27. f4 Kf8
28. Rb2 Bxb2 29. Kd3 Rxb5 30. Nb1 c4+ 31. Ke3 Rb3+ 32. Kd2 Nb6 33. Kc2 Be4+ 34.
Kd2 c3+ 35. Nxc3 Bxc3+ 36. Ke2 Nc4 37. Kf2 Bd4+ 38. Ke2 Rb2+ 39. Kd1 Be3 40. h3
Bf3+ 41. Ke1 Rb1# 0-1

[Event "Challenge"]
[Site "http://www.queenalice.com/game.php?id=454238"]
[Date "2008.8.27"]
[Round "-"]
[White "musico"]
[Black "dotromundo"]
[Result "1-0"]
[WhiteElo "1731"]
[BlackElo "1864"]

1. d4 d5 2. Nc3 Nc6 3. e3 a6 4. Bd2 Nf6 5. Nf3 h6 6. Bd3 e6 7. Qe2 Nb4 8. Ne5 c6
9. e4 c5 10. dxc5 Bxc5 11. exd5 exd5 12. Nc6+ Kd7 13. Nxd8 Re8 14. Bf5+ Kxd8 15.
Be4 Nxc2+ 16. Kf1 Nxa1 17. Qd1 Nxe4 18. Nxe4 Rxe4 19. Ba5+ Ke8 20. Qxd5 Rd4 21.
Qxc5 Rd1+ 22. Ke2 Rxh1 23. Bb4 Bg4+ 24. f3 Bxf3+ 25. Kxf3 Re1 26. Bxe1 Kd7 27.
b4 Rc8 28. Qd4+ Ke8 29. Qxa1 Rc2 30. Qe5+ Kd7 31. a4 Rc6 32. b5 Rf6+ 33. Kg3 Re6
34. Qd5+ Kc8 35. b6 Rxb6 36. Ba5 Rg6+ 37. Kf2 b6 38. Qxf7 Rf6+ 39. Qxf6 gxf6 40.
Bxb6 Kd7 41. g4 Ke6 42. Be3 Ke5 43. Bxh6 f5 44. g5 Ke6 45. g6 Kf6 46. g7 Kf7 47.
Kf3 Kg6 48. g8=Q+ Kxh6 49. Qe6+ Kg5 50. Qxa6 Kh4 51. Qh6# 1-0

[Event "Challenge"]
[Site "http://www.queenalice.com/game.php?id=454239"]
[Date "2008.8.27"]
[Round "-"]
[White "musico"]
[Black "dotromundo"]
[Result "1-0"]
[WhiteElo "1696"]
[BlackElo "1893"]

1. d4 d5 2. Nf3 h6 3. e3 a6 4. Bd2 b5 5. Nc3 g5 6. Ne5 Bg7 7. Qh5 Be6 8. Bd3 Nf6
9. Qe2 O-O 10. e4 g4 11. exd5 Nxd5 12. Qe4 f5 13. Qe2 Nb4 14. Nc6 N8xc6 15.
Qxe6+ Kh8 16. Ne2 Rf6 17. Qb3 a5 18. Bxb5 Nxd4 19. Nxd4 Qxd4 20. Bc3 Qe4+ 21.
Kf1 Rb6 22. Re1 Qxc2 23. Bxg7+ Kxg7 24. Rxe7+ Kg6 25. Be8+ Rxe8 26. Qf7+ Kg5 27.
Qxe8 Qc4+ 28. Kg1 Qc1+ 29. Re1 Qxb2 30. h4+ Kf6 31. Qh8+ Kf7 32. Qxb2 Nd3 33.
Qc2 Nxe1 34. Qxc7+ Ke8 35. Qxb6 f4 36. Qe6+ Kf8 37. Qxe1 a4 38. Qb4+ Kg7 39.
Qxf4 h5 40. Qg5+ Kf7 41. Qxh5+ Kf6 42. Qxg4 Ke5 43. h5 Kf6 44. h6 1-0

[Event "hi"]
[Site "http://www.queenalice.com/game.php?id=457090"]
[Date "2008.9.2"]
[Round "-"]
[White "musico"]
[Black "ocbruno"]
[Result "0-1"]
[WhiteElo "1699"]
[BlackElo "1790"]

1. d4 d5 2. e3 Nf6 3. Nc3 Bf5 4. Bd3 Bxd3 5. Qxd3 Nc6 6. Nf3 Nb4 7. Qb5+ Nc6 8.
Qxb7 Na5 9. Qb4 c6 10. Ne5 Rb8 11. Qc5 e6 12. Qxa7 Be7 13. Bd2 Ra8 14. Nxc6 Nxc6
15. Qb7 Nb4 16. Nb5 O-O 17. Bxb4 Bxb4+ 18. Nc3 Bxc3+ 19. bxc3 Qc8 20. Qxc8 Rfxc8
21. c4 Rxc4 22. f3 Rxc2 23. O-O g6 24. a4 Rb8 25. a5 Rbb2 26. Rfb1 Rxg2+ 27. Kf1
Rbf2+ 28. Ke1 Rxf3 29. a6 Ne8 30. a7 Nc7 31. Rb7 Na8 32. Rb8+ Kg7 33. Rab1 Rxe3+
34. Kf1 Ree2 35. R1b2 Rxb2 36. Rxa8 Rgc2 37. Rb8 Rc1# 0-1

[Event "Challenge"]
[Site "http://www.queenalice.com/game.php?id=459006"]
[Date "2008.9.6"]
[Round "-"]
[White "Danilo"]
[Black "musico"]
[Result "1-0"]
[WhiteElo "1799"]
[BlackElo "1767"]

1. e4 e5 2. Nf3 d6 3. Bc4 Bg4 4. h3 Bh5 5. d3 f6 6. Nc3 Qd7 7. Nd5 Ne7 8. Nxe7
Bxe7 9. Bd5 c6 10. Bc4 d5 11. exd5 cxd5 12. Bb3 d4 13. c4 Nc6 14. a3 a5 15. Bd2
a4 16. Bxa4 Qf5 17. Bc2 e4 18. dxe4 Qe6 19. g4 Bg6 20. Bc1 1-0

[Event "Challenge"]
[Site "http://www.queenalice.com/game.php?id=481117"]
[Date "2008.10.22"]
[Round "-"]
[White "pisco1"]
[Black "musico"]
[Result "1-0"]
[WhiteElo "1596"]
[BlackElo "1752"]

1. e4 e5 2. Nf3 d6 3. h3 Be7 4. Be2 Nc6 5. O-O Nf6 6. d3 Be6 7. Be3 Qd7 8. c3 d5
9. exd5 Nxd5 10. c4 Nf4 11. Bxf4 exf4 12. Nc3 Bf6 13. Rb1 Ne5 14. d4 Nxc4 15. b3
Na3 16. Rc1 g5 17. Re1 g4 18. hxg4 Bxg4 19. Bb5+ Kd8 20. Bxd7 Bxd7 21. Nd5 Bg7
22. Rxc7 Nb5 23. Rxb7 Bc6 24. Rxf7 Bxd5 25. Rxg7 Nc3 26. Qc2 Rc8 27. Qf5 Rc7 28.
Qf6+ Kc8 29. Rxc7+ Kxc7 30. Qxh8 Bxf3 31. gxf3 Nxa2 32. Re6 Kd7 33. d5 Nb4 34.
Qe8+ Kc7 35. Qf7+ Kb8 36. Re8# 1-0

[Event "Challenge"]
[Site "http://www.queenalice.com/game.php?id=484082"]
[Date "2008.10.28"]
[Round "-"]
[White "musico"]
[Black "Mr_E_Fudd"]
[Result "0-1"]
[WhiteElo "1752"]
[BlackElo "1752"]

1. d4 e6 2. e4 d5 3. e5 g5 4. Be2 c5 5. Bb5+ Bd7 6. Bxd7+ Nxd7 7. Nf3 h6 8. h4
g4 9. Ng1 h5 10. f3 Qc7 11. f4 Nh6 12. Nc3 Qa5 13. Ne2 Nf5 14. Bd2 cxd4 15. Nxd5
Qxd5 16. c3 Qxg2 17. Rg1 Qh2 18. cxd4 Qxh4+ 19. Kf1 Rg8 20. Be1 g3 0-1

[Event "Challenge"]
[Site "http://www.queenalice.com/game.php?id=484083"]
[Date "2008.10.28"]
[Round "-"]
[White "musico"]
[Black "kudd"]
[Result "1-0"]
[WhiteElo "1722"]
[BlackElo "1547"]

1. d4 d5 2. e3 Nf6 3. Be2 e6 4. Bd2 Nc6 5. Nc3 Bb4 6. Nf3 Bxc3 7. Bxc3 O-O 8.
Ne5 Nxe5 9. dxe5 Ne4 10. Bd4 h6 11. g4 b6 12. h4 c5 13. Bc3 Qd7 14. f3 Ng3 15.
Rg1 Nxe2 16. Qxe2 a5 17. g5 d4 18. Rd1 Qd5 19. exd4 cxd4 20. Rxd4 Qxa2 21. gxh6
Kh7 22. hxg7 Rg8 23. Qg2 Kh6 24. Bd2+ Kh7 25. Qg5 Qb1+ 26. Bc1 Qxc2 27. Qh6# 1-0

[Event "Challenge"]
[Site "http://www.queenalice.com/game.php?id=484084"]
[Date "2008.10.28"]
[Round "-"]
[White "musico"]
[Black "crank_I_bator"]
[Result "1-0"]
[WhiteElo "1720"]
[BlackElo "1375"]

1. d4 d5 2. e3 Nf6 3. Be2 e5 4. dxe5 Ne4 5. Nc3 Qg5 6. Qxd5 Qf5 7. Nxe4 Be6 8.
Qxb7 Qxe5 9. Qxa8 Bd5 10. Qxb8+ Ke7 11. Nc3 1-0